|
|
|
|
| LEADER |
01534nam a2200361 a 4500 |
| 001 |
EBC1365198 |
| 003 |
MiAaPQ |
| 005 |
20200520144314.0 |
| 006 |
m o d | |
| 007 |
cr cn||||||||| |
| 008 |
130705s2012 cau sb 000 0 eng d |
| 020 |
|
|
|a 9780833077219 (electronic bk.)
|
| 035 |
|
|
|a (MiAaPQ)EBC1365198
|
| 035 |
|
|
|a (Au-PeEL)EBL1365198
|
| 035 |
|
|
|a (CaPaEBR)ebr10678768
|
| 035 |
|
|
|a (OCoLC)854146401
|
| 040 |
|
|
|a MiAaPQ
|c MiAaPQ
|d MiAaPQ
|
| 050 |
|
4 |
|a RC969.H43
|b M38 2012
|
| 100 |
1 |
|
|a Mattke, Soeren.
|
| 245 |
1 |
2 |
|a A review of the U.S. workplace wellness market
|h [electronic resource] /
|c Soeren Mattke, Christopher Schnyer, Kristin van Busum.
|
| 260 |
|
|
|a Santa Monica, Calif. :
|b Rand Health,
|c 2012.
|
| 300 |
|
|
|a 46 p.
|
| 490 |
0 |
|
|a Occasional paper
|
| 500 |
|
|
|a "July 2012."
|
| 500 |
|
|
|a "Prepared for Office of Policy and Research, Employee Benefits Security Administration, Department of Labor. Office of Health Policy, Assistant Secretary for Planning and evaluation, Department of Health and Human Services."
|
| 504 |
|
|
|a Includes bibliographical references.
|
| 533 |
|
|
|a Electronic reproduction. Ann Arbor, MI : ProQuest, 2015. Available via World Wide Web. Access may be limited to ProQuest affiliated libraries.
|
| 650 |
|
0 |
|a Employee health promotion.
|
| 655 |
|
4 |
|a Electronic books.
|
| 700 |
1 |
|
|a Schnyer, Christopher.
|
| 700 |
1 |
|
|a Busum, Kristin van.
|
| 710 |
2 |
|
|a ProQuest (Firm)
|
| 856 |
4 |
0 |
|u https://ebookcentral.proquest.com/lib/matrademy/detail.action?docID=1365198
|z Click to View
|